000 00807cam a2200289 a 4500
001 15901645
005 20180301083753.0
008 090910s2011 at a b 001 0 eng d
010 _a 2009936691
020 _a9780495796213
020 _a0495796212
035 _a(OCoLC)ocn555628499
040 _aCPV
_cCPV
_dDLC
041 _aeng
042 _alccopycat
080 _a158
082 0 0 _a158 ADL
_222
100 1 _a49
101 _aPSI
245 1 0 _aLooking out/looking in /
_cRonald B. Adler, Russell F. Proctor II.
504 _aIncludes bibliographical references (p. 410-440) and index.
906 _a7
_bcbc
_ccopycat
_d2
_encip
_f20
_gy-gencatlg
942 _2ddc
_cBK
999 _c43869
_d43869